000 00759cam a2200181 4500
008 000000n2001 000 0 eng u
035 _a(Sirsi) u112546
245 _aHills Task Force reports
260 _c2001
490 _aMAFF News Release
_v(176/01) 9 May 2001 (1)
520 _aThe Hills Task Force publishes its report. Some recommendations will be useful in helping the farming industry , especially the hills sector recover from the foot and mouth disease. Report available from Natasha Jones, tel 020 7270 8925, or from the MAFF website at http://www.maff.gov.uk/farm/ag2000.htm
590 _aWB
650 _aMAFF
650 _aHILLS TASK FORCE
650 _aFOOT-AND-MOUTH DISEASE
690 _aRURAL-AGRICULTURE AND FORESTRY
942 _n0
999 _c66984
_d66984